The Wrecking Crew 2026 / (Record no. 22570)

000 -LEADER
fixed length control field 00898nam a22002177a 4500
008 - FIXED-LENGTH DATA ELEMENTS--GENERAL INFORMATION
fixed length control field 260416b xxu||||| |||| 00| 0 eng d
082 ## - DEWEY DECIMAL CLASSIFICATION NUMBER
Classification number 791.4372
Item number W923 2026
245 ## - TITLE STATEMENT
Title The Wrecking Crew 2026 /
Statement of responsibility, etc directed by Angel Manuel Soto ; written by Jonathan Tropper.
260 ## - PUBLICATION, DISTRIBUTION, ETC. (IMPRINT)
Place of publication, distribution, etc United States
Name of publisher, distributor, etc Amazon MGM Studios
Date of publication, distribution, etc 2026
300 ## - PHYSICAL DESCRIPTION
Extent 1 videodisc (approximately 120 minutes)
Other physical details sound, color ; 4 3/4 in.
520 ## - SUMMARY, ETC.
Summary, etc A modern action-comedy film that follows a group of skilled operatives tasked with completing high-risk missions involving destruction, espionage, and covert operations.
546 ## - LANGUAGE NOTE
Language note In English language.
650 ## - SUBJECT ADDED ENTRY--TOPICAL TERM
Topical term or geographic name as entry element Action and adventure
650 ## - SUBJECT ADDED ENTRY--TOPICAL TERM
Topical term or geographic name as entry element Comedy
700 ## - ADDED ENTRY--PERSONAL NAME
Personal name Angel Manuel Soto, director.
700 ## - ADDED ENTRY--PERSONAL NAME
Personal name Tropper, Jonathan,writer.
700 ## - ADDED ENTRY--PERSONAL NAME
Personal name Bautista, Dave, cast.
700 ## - ADDED ENTRY--PERSONAL NAME
Personal name Momoa, Jason, cast.
700 ## - ADDED ENTRY--PERSONAL NAME
Personal name Morrison, Temuera, cast.
942 ## - ADDED ENTRY ELEMENTS (KOHA)
Source of classification or shelving scheme
Item type Audio-Visual Materials
Holdings
Source of acquisition Price effective from Permanent location Date last seen Not for loan Date acquired Source of classification or shelving scheme Koha item type Collection code Shelving location Damaged status Lost status Withdrawn status Current location Full call number
Donation2026-04-16Cagayan State University - Carig Library2026-04-16 2026-04-16 Audio-Visual MaterialsE-BooksE-Resource Section   Cagayan State University - Carig Library791.4372 W923 2026

Cagayan State University University Library, Carig Campus
Tuguegarao City, Cagayan 3500 | www.csucarig.edu.ph

Powered by Koha